Atlantic Nations that Border other Oceans - Statistics

General Stats
  • This quiz has been taken 120 times
  • The average score is 15 of 17
Answer Stats
Answer % Correct
Canada
98%
Panama
98%
United States
98%
Mexico
97%
Costa Rica
93%
Colombia
92%
South Africa
92%
Nicaragua
91%
Honduras
89%
Argentina
88%
Chile
87%
Norway
85%
Russia
84%
Guatemala
82%
Iceland
75%
Egypt
62%
Israel
50%
No matching quizzes found
Score Distribution
Percent of People with Each Score
Percentile by Number Answered
Your Score History
You have not taken this quiz